American music before 1865 in print and on records : a biblio-discography /

Bibliographic Details
Format: Book
Language:English
Published: Brooklyn : Institute for Studies in American Music, Dept. of Music, School of Performing Arts, Brooklyn College of the City University of New York, [1976]
Series:I.S.A.M. monographs ; no. 6.
Subjects:

MARC

Tag First Indicator Second Indicator Subfields
LEADER 00000cam a2200000 i 4500
001 in00002052003
005 20151101182407.0
008 761103s1976 nyu b 001 0 eng
010 |a  76023559  
020 |a 0914678051 :  |c $5.00 
035 |a (OCoLC)ocm02614005 
040 |a DLC  |c DLC  |d OCLCQ  |d MUQ  |d TXA  |d UtOrBLW 
043 |a n-us--- 
049 |a TXAM 
050 0 0 |a ML120.U5  |b A467 
090 |a ML120.U5  |b A467 1976 
245 0 0 |a American music before 1865 in print and on records :  |b a biblio-discography /  |c pref. by H. Wiley Hitchcock. 
264 1 |a Brooklyn :  |b Institute for Studies in American Music, Dept. of Music, School of Performing Arts, Brooklyn College of the City University of New York,  |c [1976] 
264 4 |c ©1976 
300 |a ix, 113 pages ;  |c 22 cm. 
336 |a text  |b txt  |2 rdacontent 
337 |a unmediated  |b n  |2 rdamedia 
338 |a volume  |b nc  |2 rdacarrier 
490 1 |a I.S.A.M. monographs ;  |v no. 6 
500 |a Includes index. 
536 |a From the Howard Mayer Brown, Edward Downes and Mary Schieffelin book collections, October 2004. 
650 0 |a Music  |z United States  |v Bibliography. 
650 0 |a Music  |z United States  |v Discography. 
650 6 |a Musique  |z États-Unis  |x Bibliographie. 
650 6 |a Musique  |z États-Unis  |x Discographie. 
830 0 |a I.S.A.M. monographs ;  |v no. 6. 
948 |a cataloged  |b h  |c 2005/6/10  |d c  |e jgreene  |f 4:51:15 pm 
994 |a C0  |b TXA 
999 |a MARS 
999 f f |s d772abfc-0e21-362c-bdec-e1ecb1884f0c  |i 60359a45-be73-3eeb-925f-160dffac41e5  |t 0 
952 f f |p ric  |a Texas A&M University  |b Rellis Campus  |c Joint Library Facility  |d Remote Storage  |t 0  |e ML120.U5 A467 1976  |h Library of Congress classification  |i unmediated -- volume  |m A14833634429 
998 f f |a ML120.U5 A467 1976  |t 0  |l Remote Storage